Denmark Current Squad - Statistics

General Stats
  • This quiz has been taken 44 times
    20 since last reset
  • The average score is 12 of 25
Answer Stats
Role Team Player Name % Correct
Midfielder Without Club Christian Eriksen
94%
Goalkeeper Celtic Kasper Schmeichel
94%
Defender Fulham Joachim Andersen
88%
Forward Manchester United Rasmus Højlund
88%
Goalkeeper Fiorentina Oliver Christensen
82%
Defender Eintracht Frankfurt Rasmus Kristensen
82%
Goalkeeper Chelsea Filip Jørgensen
76%
Midfielder Olympique Marseille Pierre-Emile Højbjerg
76%
Midfielder Brentford Mikkel Damsgaard
65%
Midfielder Manchester United Patrick Dorgu
65%
Midfielder Brentford Christian Nørgaard
59%
Defender Leicester City Jannik Vestergaard
53%
Midfielder Sporting CP Morten Hjulmand
53%
Forward Lazio Gustav Isaksen
35%
Defender VfL Wolfsburg Joakim Mæhle
35%
Forward RSC Anderlecht Kasper Dolberg
35%
Midfielder Brighton & Hove Albion Matt O'Riley
35%
Forward AS Monaco Mika Biereth
29%
Forward San Diego FC Anders Dreyer
18%
Defender AFC Ajax Anton Gaaei
12%
Coach - Brian Riemer
12%
Midfielder Samsunspor Carlo Holse
12%
Defender Nordsjælland Lucas Høgsberg
12%
Forward Brøndby IF Mathias Kvistgaarden
12%
Midfielder FC København Victor Froholdt
12%
No matching quizzes found
Score Distribution
Percent of People with Each Score
Percentile by Number Answered
Your Score History
You have not taken this quiz since the last reset